| 000 | 00581nam a22001697a 4500 | ||
|---|---|---|---|
| 003 | OSt | ||
| 005 | 20130426112007.0 | ||
| 008 | 130426s2011 sp ||||| |||| 00| 0 spa d | ||
| 040 | _cCDMR | ||
| 245 | 0 | 0 |
_aPublicitat a Catalunya _b: 1857-1957 : Roldós i els pioners |
| 260 |
_aBarcelona _bGeneralitat de Catalunya |
||
| 260 |
_bUniversitat Ramon Llull _c2011 |
||
| 300 | _a24 p. | ||
| 500 | _aPrograma de l'exposició celebrada al Palau Robert de Barcelona entre el 6 d'octubre de 2011 i l'1 d'abril de 2012 | ||
| 650 | 0 | 4 |
_9255 _aPublicitat _xHistòria _zCatalunya |
| 942 |
_2udc _cFULLET |
||
| 999 |
_c6151 _d6151 |
||